000 003270000a22001450004500
005 20120302054450.0
942 _cBOOK
245 _a Kalyan Anka:Varsha 35-Anka 11
260 _aGorakhpur:Geeta,1961.
300 _a1280-1340p.
040 _aHIN
650 _aSankirna
650 _aMaasik-Sankirna
650 _aKalyan-Maasik
999 _c345706
_d345703